| 000 | 00850cam a2200313 4500 | ||
|---|---|---|---|
| 008 | 090401t1992 xxu||||| |||| 00| 0 eng d | ||
| 020 | _a0728201798 | ||
| 035 | _a(Sirsi) u29703 | ||
| 041 | _aeng | ||
| 050 | _a333.0023 | ||
| 110 |
_aIncorporated Society of Valuers and Auctioneers _91201 |
||
| 245 | 4 | _aThe ISVA/Estates Gazette CPD legal update 1992. | |
| 260 |
_aLondon _bISVA _c1992 |
||
| 300 | _axxxiv,88p. ; 30cm. | ||
| 350 | _a15 | ||
| 650 | _aCOMPENSATION | ||
| 650 |
_aCompulsory purchase _96228 |
||
| 650 | _aCONTINUING PROFESSIONAL DEVELOPMENT | ||
| 650 |
_aLANDLORD AND TENANT _96252 |
||
| 650 | _aLAW | ||
| 650 | _aPLANNING LAW | ||
| 650 | _aPROFESSIONAL PRACTICE | ||
| 650 | _aVALUERS | ||
| 690 | _aLAW | ||
| 700 |
_aMurdoch, John _xEditor |
||
| 710 |
_aEstates Gazette _9298 |
||
| 942 | _n0 | ||
| 948 | _c04/03/1997 | ||
| 999 |
_c89449 _d89449 |
||